000 00622nam a2200217 a 4500
999 _c4779
_d4779
001 4779
003 BD-JhCC
005 20171203185923.0
008 171203s1967 newa|||| |||| 001 0 eng d
035 _a(BD-JhCC)
040 _aBD-JhCC
_dBD-JhCC
041 _aeng
082 _a550
_2INV 1967
245 _aInvestigation the earth :
_bEarth Science curriculum project /
_cThe American Geological Institute
260 _aBoston :
_bHoughton Mifflin Company,
_c1967.
300 _a594 p. :
_bill. ;
_c24cm.
650 _aEarth Sciences
710 _aThe American Geological Institute
942 _2ddc
_cBK